000 00571nam a2200145Ia 4500
008 140724s9999 xx 000 0 und d
050 _aRT 42
_b.Al415 2008
100 _aAlkuino, Maria Kim Angela O.
245 _aQuality of life of chronically III patients using spiritually index of well-being :
_ba framework for spiritual care guideline /
_cMaria Kim Angela O. Alkuino.
260 _aLas PiƱas, Philippines :
_bSouthville International School and Colleges,
_cc2008.
300 _a70 p. :
_bcol. Ill. ;
_c28 cm.
521 _aNursing
942 _cTH
999 _c228980
_d228980